| 000 | 00908cam a2200205 4500 | ||
|---|---|---|---|
| 001 | WB3939-02 | ||
| 008 | 031016n2003 000 0 eng u | ||
| 035 | _a(Sirsi) u123935 | ||
| 245 | _aRICS offer gun safety advice | ||
| 260 | _c2003 | ||
| 490 |
_aAntiques Trade Gazette _v(1610) 18 October 2003, 1(1) |
||
| 490 |
_aThe Arts Surveyor _v September 2003, 3(1) |
||
| 520 | _aFollowing the incident where an auctioneer was fined after a professional musician lost a finger after a starting pistol was accidentally discharged in the auction room, RICS has issued detailed advice on gun safety. The guidelines have been set out in the RICS AFA publication, "The Arts Surveyor", available on the Antiques and Fine Art faculty website, http://www.rics.org/afa. | ||
| 590 | _aWB | ||
| 650 | _aFIREARMS | ||
| 650 | _aFIREARMS RULES | ||
| 650 | _aAUCTIONEERS | ||
| 690 |
_aAuctioneering _96218 |
||
| 942 | _n0 | ||
| 999 |
_c73600 _d73600 |
||